00855 2200301 4500001002100000005001500021035002000036007000300056008004100059020001800100082000800118084001700126084001400143100002900157245008600186250001200272300003800284650001200322650001000334700002900344700002800373264005200401336002100453337003000474338002300504990001300527990001300540INLIS00000000112029420230209111017 a0010-0223000032ta230209 0 ind  a9786234801613 a411 aD PBIN 4433 aPBIN 44330 aEncep KusumahePengarang1 aMenulis 2 :b1-9 / PBIN4433 / 3 SKS /cEncep Kusumah, Yetty Mulyati, Puji Santoso aEdisi 2 a460 halaman :bilustrasi ;c27 cm 4aMenulis 4aWrite0 aYetty MulyatiePengarang0 aPuji SantosoePengarang aTangerang Selatan :bUniversitas Terbuka,c2022 2rdacontentaTeks 2rdamediaaTanpa Perantara 2rdacarrieraVolume a23/30121 a23/90121